MLB Top MVP, Cy Young, and ROY 2006 - Statistics

General Stats
  • This quiz has been taken 36 times
  • The average score is 24 of 41
Answer Stats
# Player Team Pos. % Correct
2 Albert Pujols STL 1B
100%
3 David Ortiz BOS DH
100%
2 Derek Jeter NYY SS
97%
1 Ryan Howard PHI 1B
97%
6 Joe Mauer MIN C
94%
7 Johan Santana MIN P
94%
1 Johan Santana MIN P
94%
7 Chase Utley PHI 2B
84%
1 Hanley Ramírez FLA SS
81%
1 Justin Morneau MIN 1B
81%
1 Justin Verlander DET P
81%
9 David Wright NYM 3B
74%
5 Miguel Cabrera FLA 3B
74%
3 Roy Halladay TOR P
74%
2 Ryan Zimmerman WSN 3B
74%
7 José Reyes NYM SS
71%
4 Josh Johnson FLA P
68%
3 Lance Berkman HOU 1B
68%
9 Vladimir Guerrero LAA RF
68%
1 Brandon Webb ARI P
61%
3 Chris Carpenter STL P
58%
10 Trevor Hoffman SDP P
58%
2 Trevor Hoffman SDP P
58%
4 Carlos Beltrán NYM CF
55%
5 Jered Weaver LAA P
52%
5 Carlos Zambrano CHC P
48%
5 Jermaine Dye CHW RF
48%
4 Roy Oswalt HOU P
48%
4 Frank Thomas OAK DH
45%
6 Alfonso Soriano WSN LF
42%
8 Travis Hafner CLE DH
42%
4 Francisco Rodríguez LAA P
39%
5 Andre Ethier LAD LF
35%
3 Dan Uggla FLA 2B
35%
5 Matt Cain SFG P
32%
2 Jonathan Papelbon BOS P
29%
10 Carlos Guillén DET SS
19%
5 Joe Nathan MIN P
19%
2 Chien-Ming Wang NYY P
16%
3 Francisco Liriano MIN P
16%
4 Kenji Johjima SEA C
16%
No matching quizzes found
Score Distribution
Percent of People with Each Score
Percentile by Number Answered
Your Score History
You have not taken this quiz